Copa do Mundo - Time das Estrelas 1986 - Statistics

Estatísticas Gerais
  • Esse quiz foi jogado 31 vezes
  • A pontuação média é 5 de 11
Estatísticas das Respostas
Posição Seleção Jogador % Correto
Meio Campo Argentina Diego Maradona
100%
Meio Campo França Michel Platini
91%
Ataque Inglaterra Gary Lineker
82%
Goleiro Alemanha Harald Schumacher
68%
Ataque Espanha Emilio Butragueño
50%
Defesa Brasil Josimar
32%
Defesa Brasil Júlio César
32%
Meio Campo França Jean Tigana
27%
Defesa França Manuel Amoros
23%
Ataque Dinamarca Preben Elkjær Larsen
23%
Meio Campo Bélgica Jan Ceulemans
18%
Nenhum quiz correspondente encontrado
Distribuição das Pontuações
Porcentagem de Pessoas com Cada Pontuação
Percentil de Números Respondidos
Sua Pontuação Histórica
Você não jogou esse quiz